| 000 | 00361nam a2200133 a 4500 | ||
|---|---|---|---|
| 001 | 3843 | ||
| 003 | CDMR | ||
| 005 | 20130116135249.0 | ||
| 008 | 130130s2003||||||||||||||||||||||||||||d | ||
| 040 |
_aCDMR _bcat _cCPC GIRONA |
||
| 245 | 0 | _a25 anys de la cursa popular del carrer Nou, 1979-2003 | |
| 260 |
_c2003 _bAssociació de Comerciants del carrer Nou |
||
| 942 | _cMON | ||
| 999 |
_c3843 _d3843 |
||